000 00686nam a2200241Ia 4500
005 20250425162323.0
008 250425s9999 xx 000 0 und d
020 _a9789284411894
041 _aspa
043 _asp
082 _a338.4791
_pORG
110 _aOrganización Mundial Del Turismo
245 0 _aPor un turismo más sostenible : guía para responsables políticos
250 _aPrimera edición
260 _aEspaña
_bOrganización Mundial Del Turismo
_c2006
300 _a229 página
_bilustración
_c30 cm
500 _aIncluye indice
650 _aGuía
650 _aTurismo sostenible
902 _aMonográfico
_cImpreso
942 _c01
010 _a62064
999 _c226819
_d226819